Измерение импульсных характеристик фотоприемников с использованием источников непрерывного спектра излучения; Импульсная фотометрия; Вып. 4

Detaylı Bibliyografya
Parent link:Импульсная фотометрия: [сборник статей]/ Государственный оптический институт им. С. И. Вавилова ; под ред. А. А. Волькенштейна.— , 1969-1986
Вып. 4.— 1975.— С. 197-201
Yazar: Анучин Е. Н.
Diğer Yazarlar: Кувалдин Э. В., Михайлов О. М.
Dil:Rusça
Baskı/Yayın Bilgisi: 1975
Seri Bilgileri:Приемники импульсного излучения
Materyal Türü: MixedMaterials Kitap Bölümü
KOHA link:https://koha.lib.tpu.ru/cgi-bin/koha/opac-detail.pl?biblionumber=208558

MARC

LEADER 00000naa2a2200000 4500
001 208558
005 20231031191453.0
035 |a (RuTPU)RU\TPU\book\227737 
035 |a RU\TPU\book\227725 
090 |a 208558 
100 |a 20120203d1975 k y0rusy50 ca 
101 0 |a rus 
102 |a RU 
200 1 |a Измерение импульсных характеристик фотоприемников с использованием источников непрерывного спектра излучения  |f Е. Н. Анучин, Э. В. Кувалдин, О. М. Михайлов 
225 1 |a Приемники импульсного излучения 
320 |a Библиогр.: с. 201 (3 назв.) 
461 0 |0 (RuTPU)RU\TPU\book\226521  |t Импульсная фотометрия  |o [сборник статей]  |f Государственный оптический институт им. С. И. Вавилова ; под ред. А. А. Волькенштейна  |d 1969-1986 
463 0 |0 (RuTPU)RU\TPU\book\227270  |t Вып. 4  |v С. 197-201  |d 1975  |p 248 с. 
700 1 |a Анучин  |b Е. Н. 
701 1 |a Кувалдин  |b Э. В. 
701 1 |a Михайлов  |b О. М. 
801 1 |a RU  |b 63413507  |c 20120202 
801 2 |a RU  |b 63413507  |c 20120203  |g RCR 
942 |c BK